|
|
|
|
| LEADER |
02981cam a2200793 i 4500 |
| 001 |
nkc20182977486 |
| 003 |
CZ PrNK |
| 005 |
20180703141739.0 |
| 007 |
ta |
| 008 |
180104s2017 xr ach f 001 0dcze d |
| 015 |
|
|
|a cnb002977486
|
| 020 |
|
|
|a 978-80-87292-38-9
|q (brožováno) :
|c Kč 199,00
|
| 035 |
|
|
|a (OCoLC)1039853450
|
| 040 |
|
|
|a KLG001
|b cze
|d BOA001
|e rda
|
| 041 |
0 |
|
|a cze
|b eng
|
| 043 |
|
|
|a e-xr---
|a e-cs---
|
| 045 |
|
|
|a x6x6
|
| 072 |
|
7 |
|a 791
|x Film. Cirkus. Lidová zábava
|2 Konspekt
|9 3
|
| 080 |
|
|
|a 791.633-051
|2 MRF
|
| 080 |
|
|
|a 791.632-051
|2 MRF
|
| 080 |
|
|
|a 791.221/.228
|2 MRF
|
| 080 |
|
|
|a 791.622
|2 MRF
|
| 080 |
|
|
|a 7.073
|2 MRF
|
| 080 |
|
|
|a 791.32.01:111.852
|2 MRF
|
| 080 |
|
|
|a (437.3)
|2 MRF
|
| 080 |
|
|
|a (437)
|2 MRF
|
| 080 |
|
|
|a (048.8)
|2 MRF
|
| 080 |
|
|
|a (048.8:082)
|2 MRF
|
| 100 |
1 |
|
|a Schnapková, Andrea,
|d 1989-
|7 xx0220314
|4 aut
|
| 245 |
1 |
0 |
|a Postava k podpírání :
|b kritické a analytické studie /
|c Andrea Schnapková, Zdeněk Hudec a kolektiv
|
| 250 |
|
|
|a Vydání první
|
| 264 |
|
1 |
|a Praha :
|b Casablanca,
|c 2017
|
| 300 |
|
|
|a 134 stran :
|b ilustrace, portréty, faksimile ;
|c 23 cm
|
| 336 |
|
|
|a text
|b txt
|2 rdacontent
|
| 337 |
|
|
|a bez média
|b n
|2 rdamedia
|
| 338 |
|
|
|a svazek
|b nc
|2 rdacarrier
|
| 490 |
1 |
|
|a Filmová mozaika ;
|v svazek 4
|
| 504 |
|
|
|a Obsahuje bibliografii, bibliografické odkazy a rejstřík
|
| 546 |
|
|
|a Anglické resumé
|
| 600 |
1 |
7 |
|a Juráček, Pavel,
|d 1935-1989
|7 jk01052201
|2 czenas
|
| 630 |
0 |
7 |
|a Postava k podpírání (film)
|7 unn2018990236
|2 czenas
|
| 630 |
0 |
9 |
|a Postava k podpírání (motion picture)
|2 eczenas
|
| 648 |
|
7 |
|a 20. století
|7 ch460558
|2 czenas
|
| 648 |
|
4 |
|a 1964
|
| 648 |
|
7 |
|a 1961-1970
|7 ch460584
|2 czenas
|
| 650 |
0 |
7 |
|a filmoví režiséři
|7 ph120210
|z Česko
|y 20. století
|2 czenas
|
| 650 |
0 |
7 |
|a filmoví scenáristé
|7 ph120211
|z Česko
|y 20. století
|2 czenas
|
| 650 |
0 |
7 |
|a hrané filmy
|7 ph319026
|z Česko
|y 1961-1970
|2 czenas
|
| 650 |
0 |
7 |
|a kinematografie
|7 ph114909
|z Československo
|y 1961-1970
|2 czenas
|
| 650 |
0 |
7 |
|a interpretace uměleckého díla
|7 ph162886
|2 czenas
|
| 650 |
0 |
7 |
|a filmová estetika
|7 ph120183
|2 czenas
|
| 650 |
0 |
9 |
|a film directors
|z Czechia
|y 20th century
|2 eczenas
|
| 650 |
0 |
9 |
|a film screenwriters
|z Czechia
|y 20th century
|2 eczenas
|
| 650 |
0 |
9 |
|a feature films
|z Czechia
|y 1961-1970
|2 eczenas
|
| 650 |
0 |
9 |
|a cinematography
|z Czechoslovakia
|y 1961-1970
|2 eczenas
|
| 650 |
0 |
9 |
|a art interpretation
|2 eczenas
|
| 650 |
0 |
9 |
|a aesthetics of film
|2 eczenas
|
| 655 |
|
7 |
|a studie
|7 fd133597
|2 czenas
|
| 655 |
|
7 |
|a kolektivní monografie
|7 fd501537
|2 czenas
|
| 655 |
|
9 |
|a studies
|2 eczenas
|
| 655 |
|
9 |
|a collective monographs
|2 eczenas
|
| 700 |
1 |
|
|a Hudec, Zdeněk,
|d 1971-
|7 ola2006329725
|4 aut
|
| 830 |
|
0 |
|a Filmová mozaika
|0 s
|
| 910 |
2 |
|
|a BOA001
|b 2-1406.114
|
| 920 |
|
|
|a 1163968
|z KLG001
|
| 990 |
|
|
|a BK
|
| 995 |
|
|
|a 01
|
| 991 |
|
|
|b 201804
|c NOV
|
| 996 |
6 |
|
|b 2610740229
|c 2-1406.114
|l MZK
|r Sklad / do 1 hodiny
|n 1
|p p.v.
|w 001659587
|u 000010
|a 1
|e BOA001
|j MZK50
|s P
|